Numerical methods in engineering

Saved in:
Bibliografiske detaljer
Main Authors: Salvadori, Mario George (Author), Baron, Melvin L (Author)
Format: Bog
Sprog:engelsk
Udgivet: Englewood Cliffs Prentice-Hall 1961
Udgivelse:2a. ed
Fag:
Tags: Tilføj Tag
Ingen Tags, Vær først til at tagge denne postø!

MARC

LEADER 00000nam a2200000 a 4500
001 UCU2577
003 CL-VaPUC
008 960426e19610000us |||||||||||||||||eng|d
082 0 4 |a 519.4  |b SAL  |2 21 
100 0 |a Salvadori, Mario George  |e author  |9 358865 
700 0 |a Baron, Melvin L  |e author  |9 358866 
245 1 0 |a Numerical methods in engineering 
250 |a 2a. ed 
300 |a 302 p 
942 |c BK 
945 |d 19960426 00:00:00  |a cmena 
260 |a Englewood Cliffs  |b Prentice-Hall  |c 1961 
650 0 |a Análisis numérico   |9 259387 
650 0 |a Matemática aplicada   |9 260236 
650 0 |a Ingeniería   |9 259380 
650 0 |a Ecuaciones  |9 260137 
650 7 |a INTEGRACION NUMERICA  |2 CL-VaPUC  |9 358867 
650 0 |a Interpolación   |9 358854 
650 0 |a Lógica matemática   |9 262442 
583 |a last modification  |c 20150423 05:30:25  |k Rodrigo Vera 
999 |c 246836  |d 246834 
952 |0 0  |1 0  |4 0  |6 519_400000000000000_SAL_1961  |7 0  |8 A  |9 262123  |a BIBING  |b BIBING  |d 2019-11-19  |i 1647512  |o 519.4 SAL 1961  |p 1647512  |r 2025-01-20  |w 2019-11-19  |y BK  |k EIE